Albert Einstein : (Record no. 328947)
[ view plain ]
| 000 -LEADER | |
|---|---|
| fixed length control field | 01695cam a22003014a 4500 |
| 001 - CONTROL NUMBER | |
| control field | 13799610 |
| 003 - CONTROL NUMBER IDENTIFIER | |
| control field | Nust |
| 005 - DATE AND TIME OF LATEST TRANSACTION | |
| control field | 20170419164718.0 |
| 008 - FIXED-LENGTH DATA ELEMENTS--GENERAL INFORMATION | |
| fixed length control field | 041126s2005 ctua b 001 0beng |
| 010 ## - LIBRARY OF CONGRESS CONTROL NUMBER | |
| LC control number | 2004028175 |
| 020 ## - INTERNATIONAL STANDARD BOOK NUMBER | |
| International Standard Book Number | 9788179927519 |
| 040 ## - CATALOGING SOURCE | |
| Original cataloging agency | DLC |
| Transcribing agency | DLC |
| Modifying agency | DLC |
| 042 ## - AUTHENTICATION CODE | |
| Authentication code | pcc |
| 050 00 - LIBRARY OF CONGRESS CALL NUMBER | |
| Classification number | QC16.E5 |
| Item number | C34 2005 |
| 082 00 - DEWEY DECIMAL CLASSIFICATION NUMBER | |
| Classification number | 530.092 |
| Author Mark | CAL |
| 100 1# - MAIN ENTRY--PERSONAL NAME | |
| Personal name | Calaprice, Alice. |
| 245 10 - TITLE STATEMENT | |
| Title | Albert Einstein : |
| Remainder of title | a biography / |
| Statement of responsibility, etc. | Alice Calaprice and Trevor Lipscombe. |
| 260 ## - PUBLICATION, DISTRIBUTION, ETC. | |
| Place of publication, distribution, etc. | Westport, Conn. : |
| Name of publisher, distributor, etc. | Greenwood Press, |
| Date of publication, distribution, etc. | 2005. |
| 300 ## - PHYSICAL DESCRIPTION | |
| Extent | xxiii, 161 p. : |
| Other physical details | ill. ; |
| Dimensions | 24 cm. |
| 440 #0 - SERIES STATEMENT/ADDED ENTRY--TITLE | |
| Title | Greenwood biographies, |
| International Standard Serial Number | 1540-4900 |
| 504 ## - BIBLIOGRAPHY, ETC. NOTE | |
| Bibliography, etc. note | Includes bibliographical references (p. [153]-154) and index. |
| 505 0# - FORMATTED CONTENTS NOTE | |
| Formatted contents note | "It is a known fact that I was born-- " -- Training the mind -- To love and to work -- The physics of the "year of miracles," 1905 -- Academic life in Switzerland -- The early Berlin years : war and pacifism -- The road to general relativity -- The later Berlin years : postwar turmoil and the rise of Hitler -- On the road again -- Coming to America -- Final years of an "enfant terrible" -- Einstein the experimenter. |
| 600 10 - SUBJECT ADDED ENTRY--PERSONAL NAME | |
| Personal name | Einstein, Albert, |
| Dates associated with a name | 1879-1955. |
| 650 #0 - SUBJECT ADDED ENTRY--TOPICAL TERM | |
| Topical term or geographic name entry element | Physicists |
| Form subdivision | Biography. |
| 700 1# - ADDED ENTRY--PERSONAL NAME | |
| Personal name | Lipscombe, Trevor. |
| 856 41 - ELECTRONIC LOCATION AND ACCESS | |
| Materials specified | Table of contents |
| Uniform Resource Identifier | <a href="http://www.loc.gov/catdir/toc/ecip054/2004028175.html">http://www.loc.gov/catdir/toc/ecip054/2004028175.html</a> |
| 906 ## - LOCAL DATA ELEMENT F, LDF (RLIN) | |
| a | 7 |
| b | cbc |
| c | orignew |
| d | 1 |
| e | ecip |
| f | 20 |
| g | y-gencatlg |
| 942 ## - ADDED ENTRY ELEMENTS (KOHA) | |
| Source of classification or shelving scheme | |
| Koha item type | Book |
| Withdrawn status | Lost status | Source of classification or shelving scheme | Damaged status | Not for loan | Collection code | Permanent Location | Current Location | Shelving location | Date acquired | Total Checkouts | Total Renewals | Full call number | Barcode | Date last seen | Date last checked out | Copy number | Price effective from | Koha item type |
|---|---|---|---|---|---|---|---|---|---|---|---|---|---|---|---|---|---|---|
| Central Library (CL) | Central Library (CL) | Book Cart | 04/19/2017 | 3 | 3 | 530.092 CAL | CL470 | 09/26/2022 | 10/28/2020 | 1 | 04/19/2017 | Book |
